<?xml version="1.0" encoding="UTF-8"?>
<record
    xmlns:xsi="http://www.w3.org/2001/XMLSchema-instance"
    xsi:schemaLocation="http://www.loc.gov/MARC21/slim http://www.loc.gov/standards/marcxml/schema/MARC21slim.xsd"
    xmlns="http://www.loc.gov/MARC21/slim">

  <leader>02040nam a2200313 a 4500</leader>
  <controlfield tag="001">BRCA_2435</controlfield>
  <controlfield tag="005">20190320203816.0</controlfield>
  <controlfield tag="008">141108s1797----sp-a---###---#000-0dspa-u</controlfield>
  <datafield tag="041" ind1=" " ind2=" ">
    <subfield code="a">spa</subfield>
  </datafield>
  <datafield tag="044" ind1=" " ind2=" ">
    <subfield code="a">sp</subfield>
  </datafield>
  <datafield tag="084" ind1=" " ind2=" ">
    <subfield code="a">075</subfield>
    <subfield code="b">.R43</subfield>
    <subfield code="c">1797</subfield>
  </datafield>
  <datafield tag="100" ind1="1" ind2=" ">
    <subfield code="a">Cervantes Saavedra, Miguel de</subfield>
    <subfield code="d">1547-1616</subfield>
    <subfield code="9">213</subfield>
  </datafield>
  <datafield tag="245" ind1="1" ind2="0">
    <subfield code="a">El Ingenioso Hidalgo Don Quixote de la Mancha</subfield>
    <subfield code="c">compuesta por Miguel de Cervantes Saavedra.</subfield>
  </datafield>
  <datafield tag="260" ind1=" " ind2=" ">
    <subfield code="a">Madrid</subfield>
    <subfield code="b">Imprenta Real</subfield>
    <subfield code="c">1797</subfield>
  </datafield>
  <datafield tag="300" ind1=" " ind2=" ">
    <subfield code="a">6 v.</subfield>
    <subfield code="b">il.</subfield>
    <subfield code="c">13 cm.</subfield>
  </datafield>
  <datafield tag="500" ind1=" " ind2=" ">
    <subfield code="a">Contenido : v 1. Primera parte. Dedicatoria y advertencia del editor. Retrato de Cervantes. Noticia de la vida y obra del autor. Versos preliminares. -- v 2. Texto. -- v 3. Texto. -- v 4. Segunda parte. Dedicatoria. Pr&#xF3;logo del autor. Texto. -- v 5. Texto. -- v 6. Texto</subfield>
  </datafield>
  <datafield tag="500" ind1=" " ind2=" ">
    <subfield code="a">Bella edici&#xF3;n, cuyo texto est&#xE1; arreglado conforme a las ediciones publicadas por la Academia; las supera en correcci&#xF3;n. Primera tan diminuta. Contiene la vida de Cervantes, escrita por Manuel Quintana con propiedad y justicia. El retrato de Cervantes es dibujo de J. L&#xF3;pez Engu&#xED;danos, y las dem&#xE1;s ilustraciones pertenecen a Antonio Rodr&#xED;guez, quien demuestra ser bastante buen dibujante. La impresi&#xF3;n esmerada y buen papel contribuyen a poner esta edici&#xF3;n entre las m&#xE1;s bonitas de cuantas se imprimieron en Espa&#xF1;a durante los siglos XVII y XVIII. Ejemplar desgastado, encuadernado en piel. Lomeras y cubiertas adornadas con filetes dorados L&#xFA;dovik Osterc</subfield>
  </datafield>
  <datafield tag="500" ind1=" " ind2=" ">
    <subfield code="a">Estado f&#xED;sico : Los volumenes 1 y 6 de esta edici&#xF3;n presentan la cubierta desprendida</subfield>
  </datafield>
  <datafield tag="500" ind1=" " ind2=" ">
    <subfield code="a">Con ex-libris de : Thomas Selwel</subfield>
  </datafield>
  <datafield tag="500" ind1=" " ind2=" ">
    <subfield code="a">QM59</subfield>
  </datafield>
  <datafield tag="650" ind1="1" ind2="4">
    <subfield code="a">Novela espa&#xF1;ola</subfield>
    <subfield code="y">&#xC9;poca cl&#xE1;sica, 1500-1700</subfield>
    <subfield code="9">215</subfield>
  </datafield>
  <datafield tag="650" ind1="1" ind2="4">
    <subfield code="a">Literatura espa&#xF1;ola</subfield>
    <subfield code="y">&#xC9;poca cl&#xE1;sica, 1500-1700</subfield>
    <subfield code="9">216</subfield>
  </datafield>
  <datafield tag="650" ind1="1" ind2="4">
    <subfield code="a">Novela espa&#xF1;ola</subfield>
    <subfield code="y">Siglo XVII</subfield>
    <subfield code="9">217</subfield>
  </datafield>
  <datafield tag="650" ind1="1" ind2="4">
    <subfield code="a">Don Quijote (Personaje ficticio)</subfield>
    <subfield code="e">Novela</subfield>
    <subfield code="9">218</subfield>
  </datafield>
  <datafield tag="700" ind1="1" ind2=" ">
    <subfield code="a">Quintana, Manuel Jos&#xE9;</subfield>
    <subfield code="d">1772-1857</subfield>
    <subfield code="e">Bi&#xF3;grafo</subfield>
    <subfield code="9">7119</subfield>
  </datafield>
  <datafield tag="740" ind1="0" ind2=" ">
    <subfield code="a">El Ingenioso Hidalgo Don Quijote de la Mancha</subfield>
  </datafield>
  <datafield tag="902" ind1=" " ind2=" ">
    <subfield code="a">QFM</subfield>
  </datafield>
  <datafield tag="942" ind1=" " ind2=" ">
    <subfield code="2">lcc</subfield>
    <subfield code="c">B</subfield>
  </datafield>
  <datafield tag="999" ind1=" " ind2=" ">
    <subfield code="c">2176</subfield>
    <subfield code="d">2176</subfield>
  </datafield>
  <datafield tag="952" ind1=" " ind2=" ">
    <subfield code="0">0</subfield>
    <subfield code="1">0</subfield>
    <subfield code="4">0</subfield>
    <subfield code="7">0</subfield>
    <subfield code="a">BRCA</subfield>
    <subfield code="b">BRCA</subfield>
    <subfield code="d">2008-11-14</subfield>
    <subfield code="i">QM59</subfield>
    <subfield code="l">0</subfield>
    <subfield code="o">075 .R43 1797 (QM59)</subfield>
    <subfield code="p">2432</subfield>
    <subfield code="r">2019-03-22 00:00:00</subfield>
    <subfield code="w">2019-03-22</subfield>
    <subfield code="y">B</subfield>
  </datafield>
</record>
